| 000 | 00776nmc a2200277 a 4500 | ||
|---|---|---|---|
| 003 | AR-BaBNM | ||
| 005 | 20251128211739.0 | ||
| 008 | 106020s2005 ||||||||||||||000 | spa|| | ||
| 020 | _a84-8063-751-X | ||
| 040 | _cAR-BaBNM | ||
| 100 | 1 | _aMurillo Torrecilla, Francisco Javier | |
| 245 | 1 | 0 | _aLa investigación sobre eficacia escolar |
| 250 | _a1ª ed. | ||
| 260 |
_aBarcelona _bOctaedro _c2005 |
||
| 300 | 0 | _a316 p. | |
| 490 | 0 |
_aRepensar la educación _vno. 22 |
|
| 504 | _aContiene referencias bibliográficas | ||
| 650 | 4 | _aCALIDAD DE LA EDUCACION | |
| 650 | 4 | _aEFICACIA | |
| 650 | 4 | _aPROYECTOS EDUCACIONALES | |
| 653 | 0 | _aGESTION INSTITUCIONAL | |
| 653 | 0 | _aGESTION EDUCATIVA | |
| 653 | 0 | _aINVESTIGACION EDUCATIVA | |
| 942 | _cBK | ||
| 998 | _cme-solo cat | ||
| 999 |
_c20940 _d20940 |
||